| 000 | 00457nam a2200133 4500 | ||
|---|---|---|---|
| 008 | 241016b |||||||| |||| 00| 0 eng d | ||
| 040 |
_aNational Science Library _cNational Science Library |
||
| 080 |
_a517:621.039.4/.6 _bK8 |
||
| 100 | _aRosescu, Teodor | ||
| 245 | _aAplicatiile calculului matriceal in fizica si technica reactorilor nucleari | ||
| 260 |
_aRomania: _bEditura academiei republicii Socialiste, _c1968 |
||
| 300 | _a346p. | ||
| 942 |
_2udc _cBK |
||
| 999 |
_c67551 _d67551 |
||